[Event "Tournoi francophone 014 Groupe B"]
[Site "Skype"]
[Date "????.??.??"]
[Round "6.5"]
[White "Mantelli, Luca"]
[Black "Hurtado De Mendoza, Ramon Miguel"]
[Result "0-1"]
[WhiteElo "1370"]
[BlackElo "1549"]
[PlyCount "72"]

1. e4 c5 2. Nf3 d6 3. d4 cxd4 4. Nxd4 Nf6 5. Nc3 a6 6. Bg5 e6 7. f4 Nbd7 8. Qf3
Qc7 9. O-O-O b5 10. Bxf6 Nxf6 11. e5 Bb7 12. Qg3 dxe5 13. fxe5 Nd7 14. Nf3 Rc8
15. Bd3 Nc5 16. Qf2 b4 17. Nb1 b3 18. Nc3 Nxd3+ 19. Rxd3 bxc2 20. Qxc2 Be4 21.
Rd8+ Rxd8 22. Qxe4 g6 23. Qa4+ Rd7 24. Qxa6 Bh6+ 25. Kb1 O-O 26. h4 Rc8 27. Qe2
Qb7 28. Ka1 Rdc7 29. a3 Rb8 30. Rd1 Bf8 31. Rc1 Bh6 32. Rd1 Be3 33. Re1 Qb3 34.
g4 Rxc3 35. bxc3 Qxa3+ 36. Qa2 Qxc3+ 0-1

[Event "Tournoi francophone 014 Groupe B"]
[Site "Skype"]
[Date "????.??.??"]
[Round "7.1"]
[White "Hurtado De Mendoza, Ramon Miguel"]
[Black "Marino, Giuseppe"]
[Result "1-0"]
[WhiteElo "1549"]
[BlackElo "1353"]
[PlyCount "95"]

1. e4 b6 2. g3 Bb7 3. Bg2 d6 4. Nc3 e6 5. d3 g6 6. Be3 Bg7 7. Qd2 h6 8. Nge2
Nd7 9. O-O Ne7 10. a4 a6 11. b4 Nc6 12. b5 axb5 13. axb5 Rxa1 14. Rxa1 Na5 15.
f4 f5 16. exf5 Bxg2 17. fxe6 Bh3 18. exd7+ Kxd7 19. Bd4 Qa8 20. Ne4 Bxd4+ 21.
Nxd4 Qf8 22. Nf2 Bf5 23. Re1 Qf7 24. g4 Rg8 25. Re3 Qg7 26. c3 h5 27. gxf5
gxf5+ 28. Rg3 Qf7 29. Nxf5 Rxg3+ 30. Nxg3 Qg7 31. Kf1 Nb3 32. Qd1 Qxc3 33. Qxh5
Qc1+ 34. Kg2 Qxf4 35. Qh7+ Ke6 36. Qxc7 Nd2 37. Qc6 Ke7 38. Qb7+ Ke6 39. Qc8+
Kd5 40. Qf5+ Qxf5 41. Nxf5 Kc5 42. Ne4+ Nxe4 43. dxe4 Kxb5 44. h4 Kc5 45. h5 b5
46. h6 b4 47. h7 b3 48. h8=Q 1-0

[Event "Tournoi francophone 014 Groupe B"]
[Site "Skype"]
[Date "????.??.??"]
[Round "7.2"]
[White "Le Brun, Yves"]
[Black "Mantelli, Luca"]
[Result "1-0"]
[WhiteElo "1338"]
[BlackElo "1370"]
[PlyCount "59"]

1. d4 Nf6 2. c4 e6 3. g3 d5 4. Nf3 Be7 5. Bg2 c6 6. O-O O-O 7. Qc2 Nbd7 8. Bf4
b6 9. Nbd2 Bb7 10. Ne5 c5 11. cxd5 exd5 12. dxc5 bxc5 13. Rfe1 Nxe5 14. Bxe5
Qc8 15. Rad1 Rd8 16. b3 Nd7 17. Bb2 Qc7 18. Nf1 Nf6 19. Ne3 d4 20. Nf5 Bxg2 21.
Nxe7+ Qxe7 22. Kxg2 Rac8 23. e3 Qb7+ 24. Kg1 Qb6 25. exd4 cxd4 26. Qd3 Rd7 27.
h3 Rcd8 28. Qc4 h6 29. Rd3 Rc8 30. Qxc8+ 1-0

[Event "Tournoi francophone 014 Groupe B"]
[Site "Skype"]
[Date "????.??.??"]
[Round "7.3"]
[White "Leyton Calderon, Jairo Oswaldo"]
[Black "Megelas, Florent"]
[Result "1-0"]
[WhiteElo "1526"]
[BlackElo "1539"]
[PlyCount "67"]

1. Nf3 Nc6 2. g3 Nf6 3. b3 g6 4. Bg2 Bg7 5. Bb2 O-O 6. O-O d6 7. c4 e5 8. d3 b6
9. Nxe5 dxe5 10. Bxc6 Rb8 11. Bxe5 Bb7 12. Bxb7 Rxb7 13. Nd2 c5 14. Qc2 Re7 15.
Nf3 Rfe8 16. Bxf6 Bxf6 17. Rae1 Re6 18. e3 Rd6 19. Rd1 Qa8 20. Qe2 Qd8 21. Ne1
Re7 22. Ng2 Red7 23. Nf4 Bg7 24. Nd5 Re6 25. Qf3 Qg5 26. Kg2 Qd8 27. Rfe1 Be5
28. Rd2 Bc3 29. Nxc3 Rxd3 30. Rxd3 Qxd3 31. Nd5 Kg7 32. Nf4 Qe4 33. Nxe6+ Qxe6
34. Rd1 1-0

[Event "Tournoi francophone 014 Groupe B"]
[Site "Skype"]
[Date "????.??.??"]
[Round "7.4"]
[White "Pouteau, Pascal"]
[Black "Gharbi, Said"]
[Result "1/2-1/2"]
[WhiteElo "1345"]
[BlackElo "1456"]
[PlyCount "54"]

1. Nf3 c5 2. d4 c4 3. Nc3 d5 4. Bf4 Nc6 5. e4 e6 6. e5 f6 7. Be2 fxe5 8. Nxe5
Nxe5 9. Bxe5 Nf6 10. Bh5+ Kd7 11. Qf3 Nxh5 12. Qxh5 g6 13. Qf3 Rg8 14. Qf7+ Be7
15. Qxh7 Kc6 16. Qh3 Bf6 17. f4 Rh8 18. Qf3 Rh4 19. g3 Rh3 20. Qg2 Rh5 21. a4
b6 22. Nb5 Bxe5 23. dxe5 a6 24. Nd4+ Kb7 25. h4 Bd7 26. Qh3 Qe7 27. c3 Rc8
1/2-1/2

[Event "Tournoi francophone 014 Groupe B"]
[Site "Skype"]
[Date "????.??.??"]
[Round "7.5"]
[White "Sauvaget, Joel"]
[Black "Gadow, Martin"]
[Result "1/2-1/2"]
[WhiteElo "1290"]
[BlackElo "1521"]
[PlyCount "53"]

1. d4 d5 2. Bf4 Nf6 3. h3 e6 4. e3 Bd6 5. Bxd6 Qxd6 6. c3 O-O 7. Nf3 c5 8. Be2
b6 9. O-O Ba6 10. Bxa6 Nxa6 11. Nbd2 cxd4 12. cxd4 Nb8 13. Rc1 Nbd7 14. Re1 Ne4
15. Nxe4 dxe4 16. Nd2 Nf6 17. Rc3 Qd5 18. Qb1 Rfd8 19. Rec1 e5 20. Rc4 Rab8 21.
Nb3 exd4 22. Nxd4 Re8 23. b3 h6 24. Qc2 Rbd8 25. Rc7 Rd7 26. Rxd7 Qxd7 27. Qc7
1/2-1/2

[Event "Tournoi francophone 014 Groupe B"]
[Site "Skype"]
[Date "????.??.??"]
[Round "8.1"]
[White "Marino, Giuseppe"]
[Black "Gadow, Martin"]
[Result "1-0"]
[WhiteElo "1353"]
[BlackElo "1521"]
[PlyCount "81"]

1. d4 Nf6 2. Nf3 d5 3. e3 e6 4. Bd3 c5 5. c3 Bd6 6. h3 O-O 7. O-O Nc6 8. Nbd2
e5 9. dxe5 Nxe5 10. Nxe5 Bxe5 11. Nf3 Bd6 12. Re1 Bg4 13. hxg4 Nxg4 14. Bf5 Nf6
15. e4 dxe4 16. Ng5 h6 17. Nxe4 Nxe4 18. Bxe4 Qh4 19. Qxd6 Rad8 20. Qf4 Qh5 21.
Be3 Rfe8 22. Qf5 Qxf5 23. Bxf5 Re5 24. Bh3 Rde8 25. Rad1 f5 26. Kf1 g5 27. Bxc5
Rxe1+ 28. Rxe1 Rxe1+ 29. Kxe1 g4 30. Bxg4 fxg4 31. Bxa7 Kf7 32. Ke2 Kf6 33. Ke3
Kf5 34. a4 h5 35. g3 Kg5 36. b4 h4 37. gxh4+ Kxh4 38. c4 Kh3 39. b5 g3 40. fxg3
Kxg3 41. c5 1-0

[Event "Tournoi francophone 014 Groupe B"]
[Site "Skype"]
[Date "????.??.??"]
[Round "8.2"]
[White "Gharbi, Said"]
[Black "Sauvaget, Joel"]
[Result "1-0"]
[WhiteElo "1456"]
[BlackElo "1290"]
[PlyCount "89"]

1. e4 c5 2. c3 d6 3. d4 cxd4 4. cxd4 g6 5. Nf3 Bg7 6. Bc4 Nf6 7. e5 dxe5 8.
Nxe5 e6 9. Bf4 O-O 10. O-O Nbd7 11. d5 Nb6 12. Nxf7 Kxf7 13. dxe6+ Bxe6 14.
Bxe6+ Kxe6 15. Qb3+ Nfd5 16. Re1+ Kf7 17. Nc3 Kg8 18. Nxd5 Nxd5 19. Rad1 Rxf4
20. Rxd5 Qxd5 21. Qxd5+ Kh8 22. Qxb7 Rff8 23. Re7 Rab8 24. Qxa7 Rxb2 25. g3 Rg8
26. a4 Rbb8 27. Qd7 Rbd8 28. Qe6 Rgf8 29. Rf7 Rg8 30. h4 Rde8 31. Re7 Rd8 32.
f4 Rgf8 33. a5 Rg8 34. a6 Rgf8 35. a7 Rg8 36. Rb7 Rge8 37. Qf7 Rg8 38. Qc7 Rc8
39. Qxc8 Rxc8 40. Rb8 Bd4+ 41. Kg2 Rxb8 42. axb8=Q+ Kg7 43. Kh3 Kh6 44. f5 gxf5
45. Qf4+ 1-0

[Event "Tournoi francophone 014 Groupe B"]
[Site "Skype"]
[Date "????.??.??"]
[Round "8.3"]
[White "Megelas, Florent"]
[Black "Pouteau, Pascal"]
[Result "1/2-1/2"]
[WhiteElo "1539"]
[BlackElo "1345"]
[PlyCount "84"]

1. e4 d5 2. exd5 Nf6 3. Nc3 Nxd5 4. Nxd5 Qxd5 5. Nf3 Nc6 6. Be2 Bg4 7. O-O e6
8. c3 Bd6 9. d4 O-O-O 10. h3 Bh5 11. Ng5 Bxe2 12. Qxe2 Rdf8 13. Ne4 Be7 14. Rd1
h5 15. c4 Nxd4 16. Qd3 Qf5 17. Ng3 Qxd3 18. Rxd3 Nc2 19. Rb1 Nb4 20. Rb3 Nxa2
21. Be3 c5 22. Ne4 b6 23. Ra1 Nb4 24. Rxa7 Re8 25. Rba3 f5 26. Ra8+ Kd7 27.
R3a7+ Kc6 28. Bf4 Rc8 29. Rxc8+ Rxc8 30. Rxe7 fxe4 31. Rxe6+ Kb7 32. Rxe4 Nc6
33. Kf1 Rd8 34. Ke1 Ka6 35. Re3 Rd4 36. Ra3+ Kb7 37. Be3 Rxc4 38. Kd2 Nd4 39.
Rc3 Rb4 40. Bxd4 Rxd4+ 41. Kc2 Kc6 42. Rg3 Rf4 1/2-1/2

[Event "Tournoi francophone 014 Groupe B"]
[Site "Skype"]
[Date "????.??.??"]
[Round "8.4"]
[White "Mantelli, Luca"]
[Black "Leyton Calderon, Jairo Oswaldo"]
[Result "0-1"]
[WhiteElo "1370"]
[BlackElo "1526"]
[PlyCount "96"]

1. e4 c5 2. Nf3 g6 3. d4 cxd4 4. Nxd4 Nc6 5. c4 Nf6 6. Nc3 Nxd4 7. Qxd4 Bg7 8.
Be2 O-O 9. Qd3 d6 10. O-O Be6 11. Be3 Qa5 12. Rfd1 Rac8 13. Nd5 Nxd5 14. cxd5
Bd7 15. Qd2 Qxd2 16. Rxd2 f5 17. f3 fxe4 18. fxe4 a6 19. Bd3 Be5 20. Rc2 Rxc2
21. Bxc2 Rc8 22. Bd3 b5 23. Rb1 Kg7 24. b3 Rc3 25. Rd1 Bg4 26. Rd2 Rc1+ 27. Kf2
Bc3 28. Rc2 Rxc2+ 29. Bxc2 Kf6 30. h3 Bd7 31. Bf4 g5 32. Bg3 Be5 33. Bd3 h5 34.
Kf3 h4 35. Bxe5+ Kxe5 36. Ke3 a5 37. Bc2 b4 38. Kf3 Kd4 39. Ke2 Kc3 40. Kd1 Kb2
41. Kd2 Kxa2 42. Kd3 Bb5+ 43. Kd4 Ka3 44. Ke3 a4 45. bxa4 Bxa4 46. Kd2 Bxc2 47.
Kxc2 Ka2 48. Kc1 b3 0-1

[Event "Tournoi francophone 014 Groupe B"]
[Site "Skype"]
[Date "????.??.??"]
[Round "8.5"]
[White "Hurtado De Mendoza, Ramon Miguel"]
[Black "Le Brun, Yves"]
[Result "1-0"]
[WhiteElo "1549"]
[BlackElo "1338"]
[PlyCount "68"]

1. e4 c6 2. d4 d5 3. exd5 Qxd5 4. Nc3 Qd8 5. Bc4 Nf6 6. Nf3 Bg4 7. h3 Bh5 8. g4
Bg6 9. Ne5 e6 10. f4 Nd5 11. g5 f6 12. Nxg6 hxg6 13. Qe2 Qd6 14. Ne4 Qe7 15.
Nc5 Kf7 16. a4 b6 17. Nd3 Nd7 18. Bd2 Re8 19. O-O-O Qd8 20. c3 a5 21. h4 Rh5
22. Rde1 Bd6 23. Bb3 fxg5 24. fxg5 Bg3 25. Ref1+ Kg8 26. Qe4 Kh7 27. Bd1 Rxh4
28. Rxh4+ Bxh4 29. Qxh4+ Kg8 30. Qe4 Nf8 31. Ne5 Qd6 32. Nxg6 Nxg6 33. Qxg6 Re7
34. Bc2 Rf7 1-0

[Event "Tournoi francophone 014 Groupe B"]
[Site "Skype"]
[Date "????.??.??"]
[Round "9.1"]
[White "Le Brun, Yves"]
[Black "Marino, Giuseppe"]
[Result "0-1"]
[WhiteElo "1338"]
[BlackElo "1353"]
[PlyCount "78"]

1. d4 b6 2. Bf4 Bb7 3. e3 h6 4. Be2 d6 5. Nf3 e6 6. c4 g6 7. Nc3 Ne7 8. Qd2 Bg7
9. O-O O-O 10. e4 Kh7 11. Rad1 Nd7 12. Rfe1 a6 13. h3 e5 14. dxe5 Nxe5 15. Nh2
Nd7 16. Ng4 g5 17. Be3 Ne5 18. f4 Nxg4 19. Bxg4 f6 20. Qd3 Kh8 21. Bd4 Nc6 22.
Be3 Nb4 23. Qe2 Nc6 24. Bf5 Bc8 25. Bxc8 Rxc8 26. Rf1 Qe7 27. a3 f5 28. fxg5
Bxc3 29. bxc3 hxg5 30. Qh5+ Qh7 31. Qxg5 fxe4 32. Rf4 Rxf4 33. Qxf4 Rg8 34. Rd5
Qxh3 35. Qf6+ Rg7 36. Qf8+ Kh7 37. Qf2 Ne5 38. Rxe5 dxe5 39. a4 Qf3 0-1

[Event "Tournoi francophone 014 Groupe B"]
[Site "Skype"]
[Date "????.??.??"]
[Round "9.2"]
[White "Leyton Calderon, Jairo Oswaldo"]
[Black "Hurtado De Mendoza, Ramon Miguel"]
[Result "0-1"]
[WhiteElo "1526"]
[BlackElo "1549"]
[PlyCount "74"]

1. Nf3 d5 2. b3 Nf6 3. Bb2 c5 4. g3 Nc6 5. Bg2 e6 6. O-O Be7 7. d4 Qb6 8. Nc3
cxd4 9. Na4 Qc7 10. Nxd4 Nxd4 11. Bxd4 O-O 12. Rc1 b5 13. Nb2 Bb7 14. c4 dxc4
15. Bxb7 Qxb7 16. bxc4 bxc4 17. Nxc4 Rfd8 18. e3 Rd5 19. Qa4 Qb5 20. Qxb5 Rxb5
21. Rb1 a6 22. a4 Rxb1 23. Rxb1 Ne8 24. Rb7 Nd6 25. Rxe7 Nxc4 26. Rc7 Nd6 27.
f3 Nf5 28. Ra7 Rxa7 29. Bxa7 Kf8 30. e4 Ne7 31. Kf2 Ke8 32. Ke3 Kd7 33. Kd3 Kc6
34. Kc4 Nc8 35. Bc5 Nd6+ 36. Kb4 a5+ 37. Kxa5 Kxc5 0-1

[Event "Tournoi francophone 014 Groupe B"]
[Site "Skype"]
[Date "????.??.??"]
[Round "9.3"]
[White "Pouteau, Pascal"]
[Black "Mantelli, Luca"]
[Result "1-0"]
[WhiteElo "1345"]
[BlackElo "1370"]
[PlyCount "79"]

1. Nf3 d5 2. d4 Nf6 3. Bf4 c5 4. c3 Nc6 5. e3 e6 6. Be2 Bd6 7. Bg3 O-O 8. Ne5
Qc7 9. f4 Nd7 10. Nf3 b6 11. Nbd2 f6 12. Qc2 c4 13. h4 e5 14. fxe5 fxe5 15. Ng5
Nf6 16. Ndf3 Bg4 17. dxe5 Nxe5 18. Nxe5 Bxe2 19. Ne6 Bd3 20. Nxc7 Bxc2 21. Nxa8
Re8 22. Kd2 Be4 23. Rhg1 Rxa8 24. Raf1 Bg6 25. Nxg6 Bxg3 26. Ne7+ Kh8 27. Rf5
Rd8 28. Rh1 a5 29. Ke2 Rd7 30. Nc6 b5 31. Nd4 Kg8 32. Rh3 Bd6 33. Nxb5 Bb8 34.
Rhf3 a4 35. Rg5 Rb7 36. Nd4 Rxb2+ 37. Kd1 Rxa2 38. Rxf6 Ra1+ 39. Kc2 Rb1 40.
Kxb1 1-0

[Event "Tournoi francophone 014 Groupe B"]
[Site "Skype"]
[Date "????.??.??"]
[Round "9.4"]
[White "Sauvaget, Joel"]
[Black "Megelas, Florent"]
[Result "1/2-1/2"]
[WhiteElo "1290"]
[BlackElo "1539"]
[PlyCount "39"]

1. d4 Nf6 2. c4 e5 3. d5 d6 4. a3 Be7 5. e3 Bf5 6. Nc3 Nbd7 7. Bd3 Bxd3 8. Qxd3
Nc5 9. Qc2 O-O 10. Nf3 Qd7 11. h3 c6 12. dxc6 bxc6 13. O-O a5 14. Na4 Nxa4 15.
Qxa4 h6 16. Qc2 Rfc8 17. Bd2 e4 18. Ne1 d5 19. cxd5 cxd5 20. Bc3 1/2-1/2

[Event "Tournoi francophone 014 Groupe B"]
[Site "Skype"]
[Date "????.??.??"]
[Round "9.5"]
[White "Gadow, Martin"]
[Black "Gharbi, Said"]
[Result "1-0"]
[WhiteElo "1521"]
[BlackElo "1456"]
[PlyCount "101"]

1. Nf3 d6 2. d4 c5 3. dxc5 dxc5 4. Qxd8+ Kxd8 5. Nc3 Nc6 6. a3 Bg4 7. Be3 Bxf3
8. Rd1+ Kc7 9. exf3 a6 10. Bxc5 e6 11. Bxf8 Rxf8 12. Be2 Nf6 13. O-O Rd8 14.
Ne4 Nxe4 15. fxe4 Nd4 16. Bd3 Rd6 17. c3 Nb3 18. Bc2 Rxd1 19. Rxd1 Nc5 20. b4
Nd7 21. f3 Ne5 22. Rd4 Rc8 23. f4 Nc6 24. Rd1 Kb8 25. Kf2 Na7 26. Rd3 Nb5 27.
a4 Nxc3 28. Bb3 Nxe4+ 29. Ke3 Nf6 30. f5 exf5 31. Bxf7 Ng4+ 32. Kf4 Rf8 33. Bc4
Nxh2 34. Rh3 Ng4 35. Rxh7 g6 36. Rg7 Rf6 37. Bf7 Nh6 38. Rxg6 Rxg6 39. Bxg6 Kc7
40. Bxf5 b6 41. g4 Kd6 42. g5 Nf7 43. g6 Nh6 44. Kg5 Ng8 45. g7 Ke7 46. Bh7 Kf7
47. Bxg8+ Kxg8 48. Kg6 a5 49. bxa5 bxa5 50. Kf6 Kh7 51. Kf7 1-0